ARRUPE JESUIT UNIVERSITY

CORONAVIRUS -STOP THE SPREAD - CLEAN,DISINFECT,COVER

Dooplé : the eternal law of African dance / (Record no. 124610)

MARC details
000 -LEADER
fixed length control field 01171cam a2200301 a 4500
001 - CONTROL NUMBER
control field 4868904
003 - CONTROL NUMBER IDENTIFIER
control field ARRUPE
005 - DATE AND TIME OF LATEST TRANSACTION
control field 20160427144859.0
008 - FIXED-LENGTH DATA ELEMENTS--GENERAL INFORMATION
fixed length control field 920521s1992 sz a b 000 0 eng
010 ## - LIBRARY OF CONGRESS CONTROL NUMBER
LC control number 92019972
020 ## - INTERNATIONAL STANDARD BOOK NUMBER
International Standard Book Number 3718653060
040 ## - CATALOGING SOURCE
Original cataloging agency DLC
Transcribing agency DLC
Modifying agency DLC
041 1# - LANGUAGE CODE
Language code of text/sound track or separate title eng
Language code of original and/or intermediate translations of text fre
043 ## - GEOGRAPHIC AREA CODE
Geographic area code fb-----
050 00 - LIBRARY OF CONGRESS CALL NUMBER
Classification number GV1713.S84
Item number T545 1992
082 00 - DEWEY DECIMAL CLASSIFICATION NUMBER
Classification number 793.3/1967
Edition number 20
300 ## - PHYSICAL DESCRIPTION
Other physical details ill. ;
Dimensions 25 cm.
100 1# - MAIN ENTRY--PERSONAL NAME
Personal name Tiérou, Alphonse.
9 (RLIN) 23772
245 10 - TITLE STATEMENT
Title Dooplé : the eternal law of African dance /
Statement of responsibility, etc Alphonse Tiérou ; translated from the French by Deirdre McMahon.
260 ## - PUBLICATION, DISTRIBUTION, ETC. (IMPRINT)
Place of publication, distribution, etc Chur, Switzerland ;
-- Philadelphia, Pa. :
Name of publisher, distributor, etc Harwood Academic Publishers,
Date of publication, distribution, etc c1992.
300 ## - PHYSICAL DESCRIPTION
Extent xii, 88 p. :
440 #0 - SERIES STATEMENT/ADDED ENTRY--TITLE
Title Choreography and dance studies ;
Volume number/sequential designation v. 2
9 (RLIN) 23773
500 ## - GENERAL NOTE
General note Translated from the French.
504 ## - BIBLIOGRAPHY, ETC. NOTE
Bibliography, etc Includes bibliographical references.
650 #0 - SUBJECT ADDED ENTRY--TOPICAL TERM
Topical term or geographic name as entry element Dancing
Geographic subdivision Africa, Sub-Saharan.
9 (RLIN) 23774
906 ## - LOCAL DATA ELEMENT F, LDF (RLIN)
a 7
b cbc
c orignew
d 1
e ocip
f 19
g y-gencatlg
942 ## - ADDED ENTRY ELEMENTS (KOHA)
Source of classification or shelving scheme Library of Congress Classification
Koha item type Monograph ( Printed materials)
Holdings
Withdrawn status Lost status Source of classification or shelving scheme Damaged status Not for loan Collection code Home library Current library Shelving location Date acquired Total Checkouts Full call number Barcode Date last seen Price effective from Koha item type
    Library of Congress Classification     Main Collection ARRUPE LIBRARY ARRUPE LIBRARY Main Collection 14/04/2016   GV1713.S84 T545 1992 46500006942 10/04/2018 14/04/2016 Monograph ( Printed materials)

 

Arrupe Library. PO Box MP320 Mt Pleasant, Harare, Zimbabwe
263 242 745411|librarian@aju.ac.zw